Aprendiendo de Las Vegas: el simbolismo olvidado de la forma arquitectónica

Guardat en:
Dades bibliogràfiques
Autors principals: Venturi, Robert (Autor), Izenour, Steven (Autor), Brown, Denise Scott (Autor)
Format: Llibre
Idioma:espanyol
Publicat: Barcelona Gustavo Gili 1978
Col·lecció:Colección punto y línea
Matèries:
Etiquetes: Afegir etiqueta
Sense etiquetes, Sigues el primer a etiquetar aquest registre!

MARC

LEADER 00000nam a2200000 a 4500
001 UCY3942
003 CL-VaPUC
008 950124e19780000SP |||||||||||||||||spa|d
082 0 4 |a 711.4  |b VEN  |2 21 
100 0 |a Venturi, Robert  |e author  |9 332365 
700 0 |a Izenour, Steven  |e author  |9 332366 
700 0 |a Brown, Denise Scott  |e author  |9 332367 
245 1 0 |a Aprendiendo de Las Vegas: el simbolismo olvidado de la forma arquitectónica 
300 |a 228 p 
942 |c BK 
945 |d 19950124 00:00:00  |a aalvarez 
260 |a Barcelona  |b Gustavo Gili  |c 1978 
650 7 |a SIMBOLISMO EN ARQUITECTURA  |2 CL-VaPUC  |9 332368 
650 0 |a Arquitectura y sociedad   |9 265229 
583 |a last modification  |c 19950124 00:00:00  |k Rodrigo Vera 
490 0 |a Colección punto y línea 
999 |c 231966  |d 231964 
952 |0 0  |1 0  |4 0  |6 711_400000000000000_VEN_1978  |7 0  |8 P  |9 235839  |a BIBARQ  |b BIBARQ  |d 2019-11-15  |i 3056295  |l 2  |m 2  |o 711.4 VEN 1978  |p 3056295  |r 2025-01-20  |s 2024-10-07  |w 2019-11-15  |y BK  |k ARQ